01482nab a22002417a 4500999001500000003000400015005001700019008004100036040000700077100003900084245014200123300001500265505054500280505007200825650003500897650002800932650005500960650003301015650003301048700004201081773010401123942001301227 c5857d5857OSt20260108222604.0190514b xxu||||| |||| 00| 0 spa d cPJ 94294aGonzález de Vicel, Mariela10aBalance, consolidación y desafíos en técnicas de reproducción humana asistida /cMariela González de Vicel, Silvia Fernández. ap. 166-186 aSumario: I. Objeto de este aporte en el marco legal actual sobre reproducción humana asistida.— II. Accesibilidad y cobertura de tratamientos: contenido, cantidad y autorizaciones.— III. El Cód. Civ. y Com. y el derecho a la identidad en casos de TRHA.— IV. Fallecimiento y TRHA: fertilización, fecundación y filiación post mortem.— V. Solicitud de transferencia embrionaria sin voluntad procreacional.— VI. Gestación por sustitución. Una deuda pendiente y un debate candente.— VII. Breves consideraciones finales. tSi te interesa el texto, comunicate a koha@justierradelfuego.gov.ar 091497aCODIGO CIVIL Y COMERCIAL 09967aDERECHO DE FAMILIA 094292aTÉCNICAS DE REPRODUCCIÓN HUMANA ASISTIDA 095385aVOLUNTAD PROCREACIONAL 092345aDERECHO A LA IDENTIDAD 93280aFernández, Silvia E.ecoautor0 0284493222dBuenos Aires : AbeledoPerrot, 1989-tDerecho de familia. N° 120 - Julio 2025z18511201 2udccANA